[Event "Hamburg HSK Easter op"]
[Site "Hamburg"]
[Date "2024.04.01"]
[Round "7"]
[White "Lasschuit, Rene"]
[Black "Queisser, Jens"]
[Result "1-0"]
[WhiteElo "1762"]
[BlackElo "1643"]
[PlyCount "90"]
[EventDate "2024.03.29"]
[EventType "swiss"]
[EventRounds "7"]
[EventCountry "GER"]
[SourceTitle "CB18_2024"]
[SourceDate "2024.05.01"]
[SourceVersion "1"]
[SourceVersionDate "2024.05.01"]
[SourceQuality "2"]

1. Nf3 Nf6 2. g3 e6 3. Bg2 Be7 4. 0-0 c5 5. c4 0-0 6. Nc3 Nc6 7. d4 cxd4 8. Nxd4 Bb4 9. Ndb5 Bxc3 10. Nxc3 a6 11. Qd6 Ne8 12. Qd2 Qc7 13. Rd1 b6 14. b3 Bb7 15. Ba3 d6 16. Qf4 Rd8 17. Rd2 e5 18. Qh4 Nf6 19. Rad1 Nd4 20. Bxb7 Qxb7 21. Qh3 Rfe8 22. Qg2 Qc8 23. e3 Nf5 24. Nd5 Nxd5 25. Rxd5 Re6 26. Qe4 Rf6 27. Qxe5 Qe6 28. Qxe6 Rxe6 29. Rxf5 h6 30. Rfd5 Kf8 31. Rxd6 Rexd6 32. Rxd6 Rxd6 33. Bxd6+ Ke8 34. Bc7 b5 35. cxb5 axb5 36. a4 Kd7 37. Ba5 bxa4 38. bxa4 f5 39. Bc3 g6 40. Kg2 Kc6 41. Kf3 Kd5 42. a5 Kc6 43. Kf4 Kd7 44. Ke5 Kd8 45. Kf6 Ke8 1-0

[Event "Hamburg HSK Easter op"]
[Site "Hamburg"]
[Date "2024.03.30"]
[Round "4"]
[White "Queisser, Jens"]
[Black "Wang, Huanying"]
[Result "1-0"]
[WhiteElo "1643"]
[BlackElo "1522"]
[PlyCount "91"]
[EventDate "2024.03.29"]
[EventType "swiss"]
[EventRounds "7"]
[EventCountry "GER"]
[SourceTitle "CB18_2024"]
[SourceDate "2024.05.01"]
[SourceVersion "1"]
[SourceVersionDate "2024.05.01"]
[SourceQuality "2"]

1. d4 e6 2. Nf3 Nc6 3. g3 d5 4. Bg2 Bd6 5. 0-0 Nf6 6. Nbd2 0-0 7. c4 b6 8. b3 a5 9. Bb2 Bb7 10. cxd5 exd5 11. Re1 Ne7 12. Qc2 Nc6 13. Rac1 Nb4 14. Qb1 Ba6 15. a3 Nd3 16. exd3 Bb7 17. Ne5 c6 18. Nxc6 Bxc6 19. Rxc6 Qb8 20. Nf3 Ra7 21. Ne5 Re7 22. f4 Rfe8 23. Bh3 Bc7 24. Rec1 Rd8 25. a4 b5 26. axb5 Ne8 27. Ba3 Nd6 28. Bxd6 Bxd6 29. Rc8 Qb6 30. Rxd8+ Qxd8 31. Rc8 Bc7 32. Rxd8+ Bxd8 33. Nc6 Re8 34. Bd7 Rf8 35. Nxd8 Rxd8 36. Bc6 g6 37. Qe1 a4 38. bxa4 Kg7 39. Qe5+ Kg8 40. Qe8+ Rxe8 41. Bxe8 Kf8 42. Bc6 Ke7 43. a5 f6 44. a6 Kd6 45. a7 h6 46. a8Q 1-0

[Event "Hamburg HSK Christmas op 1st"]
[Site "Hamburg"]
[Date "2015.12.28"]
[Round "3"]
[White "Schermer, Denis"]
[Black "Queisser, Jens"]
[Result "1-0"]
[WhiteElo "2062"]
[BlackElo "1489"]
[PlyCount "90"]
[EventDate "2015.12.27"]
[EventType "swiss"]
[EventRounds "7"]
[EventCountry "GER"]
[SourceTitle "EXT 2022"]
[Source "ChessBase"]
[SourceDate "2021.10.06"]
[SourceVersion "1"]
[SourceVersionDate "2021.10.06"]
[SourceQuality "1"]

1. d4 Nf6 2. c4 e6 3. Nc3 Bb4 4. e3 c5 5. Nge2 Nc6 6. d5 Na5 7. a3 Bxc3+ 8. Nxc3 b6 9. b4 Nb7 10. Be2 d6 11. Bb2 0-0 12. 0-0 Qe7 13. Bf3 e5 14. e4 Bd7 15. Bc1 h6 16. Be3 Nh7 17. Bg4 Nf6 18. Bxd7 Qxd7 19. f3 Nh7 20. Qd2 f5 21. exf5 Qxf5 22. Ne4 Nf6 23. Ng3 Qg6 24. Rab1 e4 25. f4 Ng4 26. Rb3 Rae8 27. Qe2 Qf6 28. Qxg4 Rf7 29. Nh5 Qe7 30. f5 Ref8 31. Bxh6 Qe5 32. Bxg7 Rxg7 33. Qxg7+ Qxg7 34. Nxg7 Kxg7 35. Rg3+ Kf6 36. Kf2 Ke5 37. Ke3 Rxf5 38. Rxf5+ Kxf5 39. Rg7 cxb4 40. axb4 Nd8 41. Rd7 Ne6 42. Rf7+ Ke5 43. Re7 Kf6 44. Rxe6+ Kf7 45. Kxe4 Kf8 1-0

[Event "Hamburg-ch B-Klasse"]
[Site "Hamburg"]
[Date "2015.05.23"]
[Round "1"]
[White "Zoeller, Henning"]
[Black "Queisser, Jens"]
[Result "0-1"]
[WhiteElo "1658"]
[BlackElo "1505"]
[PlyCount "122"]
[EventDate "2015.05.23"]
[EventType "tourn"]
[EventRounds "7"]
[EventCountry "GER"]
[SourceTitle "EXT 2022"]
[Source "ChessBase"]
[SourceDate "2021.10.06"]
[SourceVersion "1"]
[SourceVersionDate "2021.10.06"]
[SourceQuality "1"]

1. e4 c6 2. d4 d5 3. e5 Bf5 4. Ne2 e6 5. Ng3 Bg6 6. Be2 c5 7. 0-0 cxd4 8. Qxd4 Nc6 9. Qa4 Bb4 10. c3 Ba5 11. f4 Bb6+ 12. Kh1 Nge7 13. b4 0-0 14. Qd1 Nf5 15. Nxf5 Bxf5 16. Nd2 Rc8 17. g4 Be4+ 18. Nxe4 dxe4 19. Qc2 Nxb4 20. Qxe4 Qd5 21. Qxd5 Nxd5 22. c4 Bd4 23. Ba3 Nxf4 24. Rxf4 Bxa1 25. Bxf8 Kxf8 26. Re4 Rc5 27. Kg2 Ke7 28. Kf3 Rxe5 29. Kf4 Rxe4+ 30. Kxe4 Kd6 31. Bf3 b6 32. Kd3 Kc5 33. h4 h6 34. h5 Kb4 35. Bd1 Kc5 36. Ba4 f5 37. gxf5 exf5 38. Bb3 Kd6 39. Ke3 Ke5 40. Bc2 Kf6 41. Kf4 Be5+ 42. Ke3 Kg5 43. Bd1 g6 44. hxg6 Kxg6 45. Kf3 h5 46. Bc2 h4 47. Bd3 Kg5 48. Bf1 Bg3 49. Bh3 Kf6 50. Bf1 Ke5 51. Ke3 f4+ 52. Kd3 Kd6 53. Bg2 Kc5 54. Kc3 Be1+ 55. Kb3 Kd4 56. a3 Ke3 57. Ka4 Kf2 58. Bh3 f3 59. Kb5 Kg3 60. Bf5 f2 61. Bd3 h3 0-1

[Event "Hamburg-chB"]
[Site "Hamburg"]
[Date "2014.06.13"]
[Round "5"]
[White "Holznagel, Andreas"]
[Black "Queisser, Jens"]
[Result "0-1"]
[WhiteElo "958"]
[BlackElo "1224"]
[PlyCount "118"]
[EventDate "2014.06.07"]
[EventType "swiss"]
[EventRounds "7"]
[EventCountry "GER"]
[SourceTitle "CBM 161 Extra"]
[Source "ChessBase"]
[SourceDate "2014.08.29"]
[SourceVersion "1"]
[SourceVersionDate "2014.08.29"]
[SourceQuality "1"]

1. e4 c6 2. d4 d5 3. exd5 cxd5 4. Bd3 Nf6 5. h3 Nc6 6. c3 e6 7. Bf4 Be7 8. Ne2 0-0 9. 0-0 Bd7 10. Na3 a6 11. Nc2 Rc8 12. Ng3 Na7 13. Nh5 Bb5 14. Nxf6+ Bxf6 15. Bxb5 Nxb5 16. a4 Nd6 17. f3 Re8 18. Re1 Bg5 19. Be3 Nc4 20. Qc1 Nxe3 21. Nxe3 Bf4 22. Qc2 Qg5 23. Nf1 e5 24. Qb3 exd4 25. Rxe8+ Rxe8 26. cxd4 Be3+ 27. Nxe3 Rxe3 28. Qxb7 Re8 29. Kf1 Qe3 30. Qxa6 Qxd4 31. Qb5 Kf8 32. Re1 Rxe1+ 33. Kxe1 Qe3+ 34. Qe2 Qc1+ 35. Kf2 Qc5+ 36. Kg3 Qb4 37. Qc2 g6 38. Qc3 Qxa4 39. Qa3+ Qxa3 40. bxa3 Ke7 41. Kf4 Kd6 42. Ke3 Kc5 43. Kd3 h6 44. g3 f5 45. a4 g5 46. a5 h5 47. a6 Kb6 48. Kd4 g4 49. a7 Kxa7 50. h4 gxf3 51. Ke3 f2 52. Kxf2 Kb6 53. Ke3 Kc5 54. Kd3 d4 55. Kc2 Kd5 56. Kd3 Ke5 57. Ke2 Ke4 58. Kd2 d3 59. Kd1 Ke3 0-1

[Event "Hamburg-chB"]
[Site "Hamburg"]
[Date "2014.06.11"]
[Round "4"]
[White "Queisser, Jens"]
[Black "Kock, Rudolf"]
[Result "0-1"]
[WhiteElo "1224"]
[BlackElo "1460"]
[PlyCount "83"]
[EventDate "2014.06.07"]
[EventType "swiss"]
[EventRounds "7"]
[EventCountry "GER"]
[SourceTitle "CBM 161 Extra"]
[Source "ChessBase"]
[SourceDate "2014.08.29"]
[SourceVersion "1"]
[SourceVersionDate "2014.08.29"]
[SourceQuality "1"]

1. e4 d6 2. d4 e6 3. Nc3 a6 4. Nf3 Be7 5. Bd3 Bd7 6. Be3 b5 7. a3 Qc8 8. e5 d5 9. Qe2 c5 10. dxc5 Bxc5 11. 0-0 Ne7 12. Qd2 h6 13. b4 Ba7 14. Bxa7 Rxa7 15. Nd4 Rc7 16. Nce2 0-0 17. Rac1 Ng6 18. Qe3 Be8 19. Ng3 Nd7 20. f4 Rc3 21. Nh5 Nb6 22. Qg3 Qd7 23. Rf3 Qa7 24. Kh1 Kh7 25. Bxg6+ fxg6 26. Rxc3 gxh5 27. Nxe6 Rf7 28. Nd4 Nc4 29. f5 Qxd4 30. Qg6+ Kg8 31. e6 Rf8 32. Rd3 Qe4 33. Qg3 Rxf5 34. Re1 Qg4 35. Qxg4 hxg4 36. g3 Kf8 37. e7+ Kf7 38. Kg2 h5 39. Rf1 Rxf1 40. Kxf1 Bc6 41. e8Q+ Kxe8 42. Ke1 0-1

[Event "Hamburg-chA"]
[Site "Hamburg"]
[Date "2011.10.05"]
[Round "5.9"]
[White "Krueger, Dietrich"]
[Black "Queisser, Jens"]
[Result "0-1"]
[WhiteElo "918"]
[BlackElo "1256"]
[PlyCount "52"]
[EventDate "2011.10.09"]
[EventType "swiss"]
[EventRounds "9"]
[EventCountry "GER"]
[SourceTitle "EXT 2012"]
[Source "ChessBase"]
[SourceDate "2011.11.24"]
[SourceVersion "1"]
[SourceVersionDate "2011.11.24"]
[SourceQuality "1"]

1. d4 Nf6 2. Bg5 e6 3. c4 Be7 4. Bf4 0-0 5. Qc2 d5 6. e3 Nbd7 7. Nd2 b6 8. f3 Bb7 9. 0-0-0 c5 10. Bd3 Rc8 11. h4 dxc4 12. Be4 Nxe4 13. Nxe4 cxd4 14. exd4 Nf6 15. h5 b5 16. Kb1 b4 17. g4 Nxe4 18. fxe4 f5 19. Qf2 Bxe4+ 20. Ka1 Bxh1 21. Nh3 Be4 22. g5 Bd6 23. Be3 c3 24. b3 Qc7 25. h6 c2 26. Rg1 Qc3# 0-1